| 000 | 00611nam a2200181Ia 4500 | ||
|---|---|---|---|
| 003 | GCL | ||
| 008 | 140319s9999 xx 000 0 ara d | ||
| 040 |
_aGCL / _cGCL |
||
| 082 | 0 | 4 |
_a241 _bا.ك |
| 100 | 1 | _aابى بكر محمد بن الحسين | |
| 245 | 1 | 0 |
_aكتاب التصديق بالنظر الى الله تعالى فى الاخرة / _cابى بكر محمد بن الحسين |
| 260 |
_a[S.N] : _bدار عالم الكتب للنشر والتوزيع ، _c1986 |
||
| 300 | _a126 ص | ||
| 490 | _a | ||
| 650 | 0 | 4 | _aالسيرة النبوية |
| 650 | 0 | 4 | _aالالهيات |
| 942 |
_2ddc _cBK |
||
| 999 |
_c54416 _d54416 |
||